Language Quiz

Random Language Quiz
Score 0/30 Timer 10:00
0 Plays Today
Hint Answer % Correct
Nom. sing. mascceler
100%
Nom. sing. fem.celeris
100%
Nom. sing. neut.celere
97.9%
Gen. sing. masc.celeris
95.7%
Gen. sing. fem.celeris
95.7%
Gen. sing. neut.celeris
95.7%
Dat. sing. masc.celeri
95.7%
Dat. sing. fem.celeri
95.7%
Dat. sing. neut.celeri
95.7%
Acc. sing. masc.celerem
95.7%
Acc. sing. fem.celerem
95.7%
Acc. sing. neut.celere
95.7%
Abl. sing. masc.celeri
95.7%
Abl. sing. fem.celeri
95.7%
Nom. pl. masc.celeres
95.7%
Hint Answer % Correct
Nom. pl. fem.celeres
95.7%
Abl.. sing. neut.celeri
95.7%
Gen. pl. masc.celerium
95.7%
Gen. pl. fem.celerium
95.7%
Gen. pl. neut.celerium
95.7%
Dat. pl. masc.celeribus
95.7%
Dat. pl. fem.celeribus
95.7%
Dat. pl. neut.celeribus
95.7%
Acc. pl. masc.celeres
95.7%
Acc. pl. fem.celeres
95.7%
Abl. pl. masc.celeribus
95.7%
Abl. pl. fem.celeribus
95.7%
Abl. pl. neut.celeribus
95.7%
Nom. pl. neut.celeria
93.6%
Acc. pl. neut.celeria
93.6%
Remove Ads.
Support Sporcle.
Get the best of Sporcle when you Go Orange. This ad-free experience offers more features, more stats, and more fun while also helping to support Sporcle. Thank you for becoming a member.

You're not logged in!

Compare scores with friends on all Sporcle quizzes.
OR
Log In

You Might Also Like...

Show Comments

Extras

Created Sep 4, 2017ReportNominate
Tags:Celery, decline

Top Quizzes Today


Score Distribution

Your Account Isn't Verified!

In order to create a playlist on Sporcle, you need to verify the email address you used during registration. Go to your Sporcle Settings to finish the process.

Report this User

Report this user for behavior that violates our Community Guidelines.

Details: